[Event "DSOL 2021"]
[Site "Germany"]
[Date "2021.03.03"]
[Round "5.1"]
[White "Naegele, Thomas"]
[Black "Susallek, Markus"]
[Result "1/2-1/2"]
[WhiteElo "2183"]
[BlackElo "1899"]
[Annotator "TA"]
[PlyCount "142"]
[EventDate "2021.01.18"]
[EventType "team-tourn"]
[EventCountry "GER"]
[SourceTitle "playchess.com"]
[Source "ChessBase"]
[SourceQuality "1"]

1. e4 c5 2. b3 Nc6 3. Bb2 d6 4. Bb5 Bd7 5. f4 a6 6. Bxc6 Bxc6 7. d3 Nf6 8. Nf3 e6 9. Nbd2 Be7 10. O-O Qd7 11. Nc4 Rb8 12. e5 Nd5 13. exd6 Bf6 14. Nfe5 Bxe5 15. Nxe5 Qxd6 16. Qe2 O-O 17. Rae1 Rbe8 18. Qg4 f6 19. Nxc6 Qxc6 20. a3 b5 21. c4 Nc7 22. Rf3 Re7 23. Rh3 Qd6 24. Qh4 h6 25. Rg3 Kh8 26. Qg4 bxc4 27. bxc4 Qb6 28. Ba1 Qa5 29. Rf1 Qxa3 30. Qg6 Qa4 31. Rh3 Qe8 32. Qe4 Qa8 33. Qg6 Qe8 34. Qe4 Qf7 35. Qe3 Rd8 36. Qxc5 Red7 37. d4 Ne8 38. Qa3 Nd6 39. Qxa6 Nf5 40. c5 Nxd4 41. c6 Rc7 42. Rc1 Rxc6 43. Rxc6 Nxc6 44. Bc3 Qd7 45. Re3 Qd6 46. g3 Qc5 47. Kf2 Ne7 48. Qa5 Rc8 49. Qxc5 Rxc5 50. Bd2 Rc6 51. Ra3 Nd5 52. Ra7 Kh7 53. Ke2 Kg6 54. Kd3 Rc7 55. Ra6 Kf7 56. Ra8 Ke7 57. Rg8 Kd6 58. Ba5 Ra7 59. Bd2 e5 60. Rd8+ Ke6 61. f5+ Kxf5 62. Rxd5 Ra3+ 63. Ke2 Ra2 64. Rd7 g6 65. h3 h5 66. Rd6 Ra3 67. Rd3 Ra2 68. Rf3+ Ke6 69. Rd3 Kf5 70. Rf3+ Ke6 71. Rd3 Kf5 1/2-1/2

[Event "DSOL 2021"]
[Site "Germany"]
[Date "2021.03.05"]
[Round "5.1"]
[White "Borgmeyer, Max"]
[Black "Boos, Markus"]
[Result "1/2-1/2"]
[WhiteElo "2182"]
[BlackElo "1620"]
[Annotator "TA"]
[PlyCount "93"]
[EventDate "2021.01.18"]
[EventType "team-tourn"]
[EventCountry "GER"]
[SourceTitle "playchess.com"]
[Source "ChessBase"]
[SourceQuality "1"]
[WhiteTeam "Königsspringer Hamburg"]
[BlackTeam "SG Solingen I"]

1. e4 c5 2. Nf3 Nc6 3. d4 cxd4 4. Nxd4 Nf6 5. Nc3 e5 6. Ndb5 d6 7. Bg5 a6 8. Na3 b5 9. Bxf6 gxf6 10. Nd5 f5 11. Bd3 Be6 12. c3 Bg7 13. Qh5 O-O 14. exf5 Bxd5 15. f6 h6 16. fxg7 Kxg7 17. h4 Be6 18. O-O-O Rh8 19. Nc2 b4 20. c4 b3 21. axb3 Rb8 22. Bf5 Bxf5 23. Qxf5 Rxb3 24. Rh3 Na5 25. c5 Qc8 26. Qxc8 Rxc8 27. cxd6 Rxh3 28. gxh3 Nb3+ 29. Kb1 Nc5 30. Ne3 Nd7 31. Nf5+ Kf6 32. Nxh6 Rh8 33. Ng4+ Ke6 34. Nh2 Rxh4 35. Nf3 Rf4 36. Ng5+ Kf6 37. Rg1 e4 38. Ka2 Ke5 39. Re1 f5 40. f3 Kf6 41. Nxe4+ fxe4 42. fxe4 Ke5 43. Ka3 Rf6 44. Rd1 Kxe4 45. Kb4 Rf5 46. Re1+ Kd5 47. Ra1 1/2-1/2

[Event "DSOL 2021"]
[Site "Germany"]
[Date "2021.03.02"]
[Round "5.1"]
[White "Kaliski, Erwin"]
[Black "Sielecki, Christof"]
[Result "0-1"]
[WhiteElo "2175"]
[BlackElo "2431"]
[Annotator "TA"]
[PlyCount "58"]
[EventDate "2021.01.18"]
[EventType "team-tourn"]
[EventCountry "GER"]
[SourceTitle "playchess.com"]
[Source "ChessBase"]
[SourceQuality "1"]

1. e4 d6 2. d4 Nf6 3. Nc3 g6 4. Be2 Bg7 5. Be3 a6 6. h4 h5 7. Nh3 Ng4 8. Bxg4 hxg4 9. Ng1 c6 10. Qd2 Nd7 11. O-O-O Qa5 12. Nge2 b5 13. a3 Nb6 14. Nb1 Qxd2+ 15. Nxd2 a5 16. Ng3 Na4 17. h5 c5 18. c3 b4 19. Kc2 bxc3 20. bxc3 cxd4 21. Bxd4 Bxd4 22. cxd4 O-O 23. Rc1 Ba6 24. Nb3 Rab8 25. Rb1 Rfc8+ 26. Kd2 Nc3 27. Rb2 gxh5 28. Rc1 Na4 29. Rbb1 Rxc1 0-1

[Event "DSOL 2021"]
[Site "Germany"]
[Date "2021.03.05"]
[Round "5.1"]
[White "Kraemer, Stefan"]
[Black "Gallasch, Jonas"]
[Result "1-0"]
[WhiteElo "2149"]
[BlackElo "2112"]
[Annotator "TA"]
[PlyCount "61"]
[EventDate "2021.01.18"]
[EventType "team-tourn"]
[EventCountry "GER"]
[SourceTitle "playchess.com"]
[Source "ChessBase"]
[SourceQuality "1"]
[WhiteTeam "SC Roter Turm Altstadt I"]
[BlackTeam "SG Porz II"]

1. e4 c5 2. Nf3 Nc6 3. d4 cxd4 4. Nxd4 Nf6 5. Nc3 e5 6. Ndb5 d6 7. Bg5 a6 8. Na3 b5 9. Bxf6 gxf6 10. Nd5 f5 11. Bd3 Be6 12. c3 Rc8 13. Nc2 Qg5 14. O-O Rg8 15. g3 f4 16. a4 h5 17. axb5 axb5 18. Bxb5 h4 19. Ncb4 hxg3 20. fxg3 fxg3 21. Nf6+ Kd8 22. Nxc6+ Rxc6 23. Nxg8 d5 24. Ra8+ Kc7 25. Rxf8 Qe3+ 26. Kh1 g2+ 27. Kxg2 Bh3+ 28. Kh1 Qxe4+ 29. Qf3 Rf6 30. Qxe4 Rxf1+ 31. Bxf1 1-0

[Event "DSOL 2021"]
[Site "Germany"]
[Date "2021.03.03"]
[Round "5.1"]
[White "Lindam, Ingo"]
[Black "Lieberwirth, Kasimir"]
[Result "0-1"]
[WhiteElo "2137"]
[BlackElo "2074"]
[Annotator "TA"]
[PlyCount "62"]
[EventDate "2021.01.18"]
[EventType "team-tourn"]
[EventCountry "GER"]
[SourceTitle "playchess.com"]
[Source "ChessBase"]
[SourceQuality "1"]

1. e4 c5 2. Nf3 d6 3. d4 cxd4 4. Nxd4 Nf6 5. Nc3 a6 6. Bg5 Nbd7 7. Bc4 e6 8. Bb3 b5 9. O-O Bb7 10. f4 Qb6 11. Kh1 Be7 12. f5 e5 13. Ne6 fxe6 14. fxe6 Nf8 15. Bxf6 gxf6 16. Qg4 Ng6 17. h4 O-O-O 18. h5 Rdg8 19. g3 Nf4 20. Qh4 Qe3 21. Rg1 Bxe4+ 22. Nxe4 Qxe4+ 23. Kh2 Qe2+ 24. Kh1 Qf3+ 25. Kh2 Rg4 26. Qxg4 Qxg4 27. gxf4 Qh4+ 28. Kg2 Rg8+ 29. Kf3 Qh3+ 30. Ke4 f5+ 31. Kd5 Qf3# 0-1

[Event "DSOL 2021"]
[Site "Germany"]
[Date "2021.03.04"]
[Round "5.1"]
[White "Korten, Lando"]
[Black "Bress, Aaron"]
[Result "1-0"]
[WhiteElo "2132"]
[BlackElo "1795"]
[Annotator "TA"]
[PlyCount "143"]
[EventDate "2021.01.18"]
[EventType "team-tourn"]
[EventCountry "GER"]
[SourceTitle "playchess.com"]
[Source "ChessBase"]
[SourceQuality "1"]

1. d4 d5 2. c4 c6 3. Nc3 Nf6 4. e3 e6 5. Nf3 Nbd7 6. b3 Bd6 7. Be2 O-O 8. O-O Re8 9. Qc2 e5 10. cxd5 Nxd5 11. Nxd5 cxd5 12. dxe5 Nxe5 13. Bb2 f6 14. Rfd1 Be6 15. Qd2 a5 16. Nd4 Bf7 17. a3 Rc8 18. Nb5 Bb8 19. Nc3 Qb6 20. Nb5 Red8 21. Bd4 Qe6 22. Qxa5 Ng4 23. h3 Ne5 24. Rac1 Nc6 25. Qd2 Nxd4 26. Qxd4 Be5 27. Qd3 Bg6 28. Rxc8 Qxc8 29. Qd2 Qb8 30. Bf3 Bf7 31. Nd4 Bh2+ 32. Kf1 Bd6 33. b4 Bf8 34. Kg1 Qe5 35. Nb5 Be7 36. Qd4 Qxd4 37. Rxd4 h6 38. Nc3 Ra8 39. Nxd5 Bxd5 40. Bxd5+ Kf8 41. Bxb7 Rxa3 42. b5 Rb3 43. Bc6 Rb1+ 44. Kh2 Kf7 45. g4 Rb2 46. Kg2 Bc5 47. Rd7+ Ke6 48. Kf3 Be7 49. h4 g5 50. h5 Rb4 51. Ra7 Rb2 52. Bd7+ Ke5 53. Bf5 Bb4 54. Rd7 Be1 55. Re7+ Kd5 56. e4+ Kd4 57. Rd7+ Kc5 58. Rc7+ Kb4 59. Rc6 Rxf2+ 60. Ke3 Kxb5 61. Rxf6 Rb2 62. Rxh6 Rb3+ 63. Kd4 Bf2+ 64. Ke5 Bg3+ 65. Kf6 Bf4 66. Rh8 Rh3 67. e5 Kc5 68. e6 Re3 69. Rc8+ Kd6 70. Rd8+ Kc5 71. e7 Be5+ 72. Kf7 1-0

[Event "DSOL 2021"]
[Site "Germany"]
[Date "2021.03.01"]
[Round "5.1"]
[White "Buring, Matthias"]
[Black "Volkmer, Andreas"]
[Result "0-1"]
[WhiteElo "2127"]
[BlackElo "2175"]
[Annotator "TA"]
[PlyCount "124"]
[EventDate "2021.01.18"]
[EventType "team-tourn"]
[EventCountry "GER"]
[SourceTitle "playchess.com"]
[Source "ChessBase"]
[SourceQuality "1"]

1. e4 g6 2. f4 Bg7 3. Nf3 c6 4. d4 d5 5. e5 h5 6. Bd3 Nh6 7. Nh4 Bg4 8. Qd2 e6 9. Qf2 Nf5 10. Nxf5 Bxf5 11. Bxf5 gxf5 12. Nd2 Bf8 13. Nb3 Nd7 14. Be3 Be7 15. O-O-O a5 16. Kb1 a4 17. Nc1 Qa5 18. Nd3 b6 19. Rc1 Qb5 20. Rhd1 c5 21. c3 c4 22. Ne1 a3 23. Rc2 Kd8 24. Ka1 Kc7 25. Rb1 axb2+ 26. Rcxb2 Qa5 27. Qc2 Ra7 28. Rd1 Rha8 29. Rd2 b5 30. Re2 Nb6 31. Bd2 Na4 32. Rb1 Nc5 33. Rb2 Ne4 34. Nf3 Ba3 35. Rb1 Be7 36. Be1 Rb7 37. Ng5 Bxg5 38. fxg5 Nxg5 39. Rb4 Ne4 40. Qb1 Qa3 41. Qb2 Kc6 42. Kb1 Qxb2+ 43. Rexb2 Ra3 44. Kc2 f6 45. Bd2 fxe5 46. dxe5 Nc5 47. Bg5 Nd3 48. Bf6 Nxb4+ 49. cxb4 Rba7 50. Kb1 d4 51. g3 Kd5 52. Re2 Rf3 53. Kb2 Raa3 54. Bg7 Rae3 55. Rc2 d3 56. Rd2 Re2 57. Bh6 Rff2 58. Kc3 Rxh2 59. Bf4 Rxd2 60. Bxd2 Kxe5 61. Bf4+ Kd5 62. a4 Rc2# 0-1

[Event "DSOL 2021"]
[Site "Germany"]
[Date "2021.03.04"]
[Round "5.1"]
[White "Lamby, Philipp"]
[Black "Wiest, Leonhard"]
[Result "1-0"]
[WhiteElo "2123"]
[BlackElo "2020"]
[Annotator "TA"]
[PlyCount "67"]
[EventDate "2021.01.18"]
[EventType "team-tourn"]
[EventCountry "GER"]
[SourceTitle "playchess.com"]
[Source "ChessBase"]
[SourceQuality "1"]

1. e4 c6 2. c4 d5 3. cxd5 cxd5 4. exd5 Qxd5 5. Nc3 Qd8 6. d4 e6 7. Nf3 Nf6 8. Bc4 Nc6 9. O-O Be7 10. Bf4 O-O 11. Qd2 Qb6 12. Rad1 Rd8 13. a3 Nd5 14. Bxd5 exd5 15. Ne5 Be6 16. Rfe1 Rac8 17. Nxc6 Rxc6 18. b4 Bf6 19. Na4 Qb5 20. Nc5 Bf5 21. a4 Qb6 22. b5 Rcc8 23. Bg5 Rc7 24. a5 Qxb5 25. Bxf6 gxf6 26. Qf4 Rxc5 27. dxc5 Bg6 28. Qxf6 Qxa5 29. Ra1 Qc7 30. Rxa7 Rc8 31. h4 Qxc5 32. Rxb7 h5 33. Rbe7 Qb5 34. Qe5 1-0

[Event "DSOL 2021"]
[Site "Germany"]
[Date "2021.03.05"]
[Round "5.1"]
[White "Leidorf, Sebastian"]
[Black "Di Capua, Francesco Stefano"]
[Result "1-0"]
[WhiteElo "2118"]
[BlackElo "1956"]
[Annotator "TA"]
[PlyCount "61"]
[EventDate "2021.01.18"]
[EventType "team-tourn"]
[EventCountry "GER"]
[SourceTitle "playchess.com"]
[Source "ChessBase"]
[SourceQuality "1"]
[WhiteTeam "SV Bergwinkel"]
[BlackTeam "SK Gernsheim"]

1. c4 e5 2. g3 Nf6 3. Bg2 c6 4. d4 e4 5. Nc3 d5 6. Bg5 Be7 7. e3 O-O 8. Bxf6 Bxf6 9. cxd5 cxd5 10. Qb3 Nc6 11. Qxd5 Qe7 12. Qxe4 Qb4 13. Nge2 Qxb2 14. O-O Qa3 15. Nd5 Bd8 16. Nef4 Qd6 17. Rab1 g6 18. Qd3 Bg5 19. h4 Bh6 20. Rfc1 Re8 21. Rc5 Kf8 22. Qa3 Kg8 23. Rc3 Qd8 24. Nd3 Bf8 25. Qc1 Bg7 26. Nc5 Rb8 27. Na6 Ra8 28. Nac7 Bxd4 29. Nxe8 Bxc3 30. Qxc3 Qxe8 31. Nf6+ 1-0

[Event "DSOL 2021"]
[Site "Germany"]
[Date "2021.03.04"]
[Round "5.1"]
[White "Matthey, Harald"]
[Black "Plischki, Sebastian"]
[Result "0-1"]
[WhiteElo "2104"]
[BlackElo "2352"]
[Annotator "TA"]
[PlyCount "106"]
[EventDate "2021.01.18"]
[EventType "team-tourn"]
[EventCountry "GER"]
[SourceTitle "playchess.com"]
[Source "ChessBase"]
[SourceQuality "1"]

1. Nf3 Nf6 2. c4 g6 3. b3 Bg7 4. Bb2 O-O 5. g3 d6 6. d4 Nbd7 7. Bg2 e5 8. O-O e4 9. Ng5 e3 10. f4 h6 11. Nf3 Ng4 12. Qc1 Ndf6 13. Nc3 Re8 14. Nd1 c6 15. h3 Nf2 16. Nxf2 exf2+ 17. Rxf2 Ne4 18. g4 f5 19. g5 Qe7 20. e3 hxg5 21. Nxg5 Nxg5 22. fxg5 Qxg5 23. Rf4 Qe7 24. Rf3 Bd7 25. Kh1 Kh7 26. Qc2 Bh6 27. Re1 Qh4 28. Qc3 d5 29. Rff1 Be6 30. c5 Bf7 31. Bc1 Kg7 32. Bd2 Re7 33. Rf3 Rae8 34. Rg1 Bg5 35. Bf1 Qh5 36. Be2 Qh6 37. Rgg3 Kf8 38. Bf1 Re4 39. b4 Bd8 40. a4 Bc7 41. Rg2 Qh5 42. Be2 Rh4 43. Kg1 Rxh3 44. Kf2 Qh4+ 45. Kf1 Rh1+ 46. Rg1 Rxg1+ 47. Kxg1 Qh2+ 48. Kf1 Bg3 49. Bd1 f4 50. Be1 Qh3+ 51. Ke2 Qg2+ 52. Kd3 Qg1 53. Kc2 Qxe1 0-1

[Event "DSOL 2021"]
[Site "Germany"]
[Date "2021.03.02"]
[Round "5.1"]
[White "Westermann, Johannes"]
[Black "Johannsen, Dennis"]
[Result "0-1"]
[WhiteElo "2092"]
[BlackElo "2126"]
[Annotator "TA"]
[PlyCount "82"]
[EventDate "2021.01.18"]
[EventType "team-tourn"]
[EventCountry "GER"]
[SourceTitle "playchess.com"]
[Source "ChessBase"]
[SourceQuality "1"]

1. d4 Nf6 2. c4 g6 3. Nc3 d5 4. cxd5 Nxd5 5. e4 Nxc3 6. bxc3 Bg7 7. Nf3 c5 8. Be2 Nc6 9. Be3 Bg4 10. e5 cxd4 11. cxd4 O-O 12. O-O Qd7 13. h3 Be6 14. Qd2 f6 15. Rfd1 Rad8 16. Qb2 Bd5 17. Rac1 b6 18. exf6 exf6 19. Bc4 Ne7 20. Bf4 Bxc4 21. Rxc4 Nd5 22. Bg3 Bh6 23. Rc2 Rc8 24. Re1 Rxc2 25. Qxc2 Rc8 26. Qb3 Rc3 27. Qb2 b5 28. Qe2 Kf7 29. Qb2 Qc6 30. Re2 a5 31. a3 Bc1 32. Qa2 Rxa3 33. Rc2 Rxa2 34. Rxc6 Ba3 35. Bd6 b4 36. Rc5 Ke6 37. Rc6 Kd7 38. Ra6 b3 39. Bc5 Bxc5 40. dxc5 Ra1+ 41. Kh2 b2 0-1

[Event "DSOL 2021"]
[Site "Germany"]
[Date "2021.03.03"]
[Round "5.1"]
[White "Dornieden, Jonas"]
[Black "Brunner, Tobias"]
[Result "1-0"]
[WhiteElo "2079"]
[BlackElo "1998"]
[Annotator "TA"]
[PlyCount "143"]
[EventDate "2021.01.18"]
[EventType "team-tourn"]
[EventCountry "GER"]
[SourceTitle "playchess.com"]
[Source "ChessBase"]
[SourceQuality "1"]

1. d4 d5 2. c4 e6 3. Nc3 Nf6 4. cxd5 exd5 5. Bg5 Be7 6. e3 c6 7. Bd3 O-O 8. Qc2 Nbd7 9. Nf3 Re8 10. O-O Nf8 11. h3 Ng6 12. Rab1 Ne4 13. Bxe7 Qxe7 14. b4 f5 15. Ne2 Nh4 16. Nxh4 Qxh4 17. b5 Bd7 18. bxc6 Bxc6 19. Rb2 Rac8 20. Qd1 Re6 21. Nf4 Rh6 22. Bxe4 fxe4 23. Qg4 Qxg4 24. hxg4 Rh4 25. Rc1 Re8 26. Rc5 Rd8 27. g5 h6 28. Ng6 hxg5 29. Nxh4 gxh4 30. Kh2 Kf7 31. g3 hxg3+ 32. Kxg3 Ke6 33. a4 Rf8 34. a5 a6 35. Rb1 Rf6 36. Kg2 Kd6 37. Rh1 Bb5 38. Rh3 Be2 39. Rg3 Bf3+ 40. Kf1 Rh6 41. Rc2 g6 42. Rb2 Kc7 43. Rg1 Bh5 44. Rb6 Rh8 45. Rg5 Rd8 46. Re5 Rd7 47. Rbe6 Kb8 48. Re7 Rd6 49. R5e6 Rxe6 50. Rxe6 Kc7 51. Rb6 g5 52. Kg2 Be2 53. Kg3 Bf3 54. Rg6 Be2 55. Rxg5 Kc6 56. Kf4 Bc4 57. Rg6+ Kb5 58. Rb6+ Kxa5 59. Rxb7 Ka4 60. f3 exf3 61. Kxf3 a5 62. e4 dxe4+ 63. Kxe4 Bf1 64. d5 Ka3 65. Kd4 a4 66. Kc3 Bg2 67. d6 Bxb7 68. d7 Bd5 69. d8=Q Bb3 70. Qd2 Bc2 71. Qc1+ Ka2 72. Qb2# 1-0

[Event "DSOL 2021"]
[Site "Germany"]
[Date "2021.03.02"]
[Round "5.1"]
[White "Evers, Leo"]
[Black "Guelke, Volker"]
[Result "1-0"]
[WhiteElo "2076"]
[BlackElo "2100"]
[Annotator "TA"]
[PlyCount "75"]
[EventDate "2021.01.18"]
[EventType "team-tourn"]
[EventCountry "GER"]
[SourceTitle "playchess.com"]
[Source "ChessBase"]
[SourceQuality "1"]

1. d4 f5 2. Nc3 Nf6 3. Bg5 e6 4. e4 fxe4 5. Nxe4 Be7 6. Bd3 Nxe4 7. Bxe7 Qxe7 8. Bxe4 d5 9. Bd3 Nd7 10. Qh5+ Qf7 11. Qxf7+ Kxf7 12. Nh3 g6 13. O-O-O e5 14. dxe5 Nxe5 15. Nf4 c6 16. Rhe1 Re8 17. Re3 b6 18. Rde1 Kf6 19. h3 Bd7 20. g4 Nxd3+ 21. Nxd3 Rxe3 22. Rxe3 Re8 23. Kd2 g5 24. Rf3+ Kg6 25. Re3 Kf6 26. Rf3+ Kg6 27. Re3 Rxe3 28. Kxe3 Kf6 29. f4 c5 30. fxg5+ Kxg5 31. Ne5 Bc8 32. Nf3+ Kf6 33. Kf4 d4 34. h4 a5 35. g5+ Ke6 36. h5 Bd7 37. Ne5 Be8 38. h6 1-0

[Event "DSOL 2021"]
[Site "Germany"]
[Date "2021.03.04"]
[Round "5.1"]
[White "Rieling, Thomas"]
[Black "Fleischmann, Yannic"]
[Result "1-0"]
[WhiteElo "2069"]
[BlackElo "1839"]
[Annotator "TA"]
[PlyCount "47"]
[EventDate "2021.01.18"]
[EventType "team-tourn"]
[EventCountry "GER"]
[SourceTitle "playchess.com"]
[Source "ChessBase"]
[SourceQuality "1"]

1. e4 e5 2. Bc4 Nc6 3. Nc3 Bc5 4. d3 d6 5. f4 Nf6 6. Nf3 h6 7. f5 a6 8. a4 Ng4 9. Qe2 Nf6 10. Be3 Bxe3 11. Qxe3 O-O 12. O-O Ne7 13. h3 Re8 14. g4 d5 15. exd5 Nexd5 16. Nxd5 Nxd5 17. Qe4 Nf6 18. Qe2 e4 19. dxe4 Rxe4 20. Rad1 Qe7 21. Qd3 Qc5+ 22. Nd4 Qe5 23. Rf3 Bd7 24. Bb3 1-0

[Event "DSOL 2021"]
[Site "Germany"]
[Date "2021.03.02"]
[Round "5.1"]
[White "Burchert, Wolfgang"]
[Black "Schulze, Ulrich"]
[Result "0-1"]
[WhiteElo "2064"]
[BlackElo "2304"]
[Annotator "TA"]
[PlyCount "74"]
[EventDate "2021.01.18"]
[EventType "team-tourn"]
[EventCountry "GER"]
[SourceTitle "playchess.com"]
[Source "ChessBase"]
[SourceQuality "1"]

1. e4 c6 2. Nc3 d5 3. Qe2 d4 4. Nd1 e5 5. g3 Nf6 6. d3 c5 7. f4 exf4 8. gxf4 Nc6 9. Nf3 g6 10. Nf2 Bg7 11. Bg2 O-O 12. Bd2 Re8 13. O-O Nd5 14. Rae1 Qc7 15. e5 Bf5 16. Ne4 Bxe4 17. dxe4 Nb6 18. b3 Rad8 19. a4 c4 20. a5 d3 21. cxd3 cxd3 22. Qe3 Nd7 23. Rc1 Bh6 24. Qxa7 Qc8 25. Qf2 f6 26. b4 Qa8 27. exf6 Nxf6 28. Qh4 Bg7 29. e5 Ne4 30. Be3 Nxb4 31. Rc4 d2 32. Rd1 Nd5 33. Rxe4 Nc3 34. Nxd2 Nxd1 35. Nc4 Nxe3 36. Rxe3 Qc8 37. Bf1 Rd4 0-1

[Event "DSOL 2021"]
[Site "Germany"]
[Date "2021.03.02"]
[Round "5.1"]
[White "Heerde, Thomas"]
[Black "Voege, Tobias"]
[Result "0-1"]
[WhiteElo "2055"]
[BlackElo "2324"]
[Annotator "TA"]
[PlyCount "64"]
[EventDate "2021.01.18"]
[EventType "team-tourn"]
[EventCountry "GER"]
[SourceTitle "playchess.com"]
[Source "ChessBase"]
[SourceQuality "1"]

1. e4 c5 2. Nc3 Nc6 3. f4 g6 4. Nf3 Bg7 5. Bb5 Nd4 6. O-O Nxb5 7. Nxb5 a6 8. Nc3 b5 9. d3 Bb7 10. Qe1 Nf6 11. Qh4 d5 12. e5 d4 13. Nd1 Nd5 14. e6 f6 15. f5 Qb6 16. c4 Nb4 17. Nf2 O-O-O 18. Bd2 Nc2 19. Rac1 Ne3 20. Bxe3 dxe3 21. Ne4 Rxd3 22. b4 g5 23. Nexg5 fxg5 24. Qxg5 e2 25. Rfe1 Bc3 26. Rxe2 cxb4+ 27. c5 Qxc5+ 28. Kh1 Rxf3 29. gxf3 Bxf3+ 30. Rg2 Rd8 31. Rcg1 Rd2 32. Qg8+ Kb7 0-1

[Event "DSOL 2021"]
[Site "Germany"]
[Date "2021.03.03"]
[Round "5.1"]
[White "Mueller, Peter"]
[Black "Fuellgrabe, Thomas"]
[Result "1-0"]
[WhiteElo "2052"]
[BlackElo "2266"]
[Annotator "TA"]
[PlyCount "53"]
[EventDate "2021.01.18"]
[EventType "team-tourn"]
[EventCountry "GER"]
[SourceTitle "playchess.com"]
[Source "ChessBase"]
[SourceQuality "1"]

1. e4 c6 2. d4 d5 3. e5 Bf5 4. h4 h5 5. c4 e6 6. Nc3 dxc4 7. Bxc4 Nd7 8. Nf3 Bg4 9. Ne4 Nh6 10. Bxh6 Rxh6 11. Be2 Nb6 12. O-O Bxf3 13. Bxf3 Qxh4 14. a4 Nd5 15. Qb3 O-O-O 16. a5 a6 17. Rfc1 Rd7 18. Nc3 Qxd4 19. Na4 Qxe5 20. Bxd5 Rxd5 21. Nb6+ Kb8 22. Rxc6 bxc6 23. Nd7+ Kc8 24. Nxe5 Rxe5 25. Qb6 Bc5 26. Qxc6+ Kb8 27. Rc1 1-0

[Event "DSOL 2021"]
[Site "Germany"]
[Date "2021.03.05"]
[Round "5.1"]
[White "Hofmann, Lorenz"]
[Black "Dahmen, Christoph"]
[Result "1/2-1/2"]
[WhiteElo "2051"]
[BlackElo "2091"]
[Annotator "TA"]
[PlyCount "146"]
[EventDate "2021.01.18"]
[EventType "team-tourn"]
[EventCountry "GER"]
[SourceTitle "playchess.com"]
[Source "ChessBase"]
[SourceQuality "1"]
[WhiteTeam "SV Lauf I"]
[BlackTeam "SC Braunschweig"]

1. e4 c6 2. d4 d5 3. exd5 cxd5 4. Bd3 Nc6 5. c3 Nf6 6. Bf4 e6 7. Nd2 Bd6 8. Bg3 O-O 9. Ngf3 h6 10. Ne5 Qc7 11. f4 Qb6 12. Rb1 Bd7 13. O-O Ne7 14. Bh4 Bb5 15. Bxf6 gxf6 16. Qg4+ Kh8 17. Qh4 Ng8 18. Bxb5 fxe5 19. fxe5 Bxe5 20. Bd3 f5 21. Kh1 Bg7 22. Nf3 Qd8 23. Qg3 Qb8 24. Qh3 Nf6 25. Ng5 Qe8 26. Rbe1 Ne4 27. Nxe4 fxe4 28. Be2 e5 29. Rxf8+ Qxf8 30. Rf1 Qe7 31. dxe5 Qxe5 32. Qd7 Rb8 33. Rf5 Qe8 34. Qxe8+ Rxe8 35. Rxd5 Re7 36. Kg1 Be5 37. Bg4 Kg7 38. g3 Kf6 39. Kf2 Bc7 40. c4 Re5 41. Rd7 Bb6+ 42. Ke2 h5 43. Bh3 Re7 44. Rd6+ Kg5 45. Rd5+ Kf6 46. c5 Bc7 47. Rxh5 Re5 48. Rh6+ Kg5 49. Re6 Rxc5 50. Kd1 Re5 51. Kd2 Rxe6 52. Bxe6 Be5 53. b3 Bd4 54. Bd5 Bg1 55. h3 e3+ 56. Ke2 b6 57. Kf3 Bf2 58. h4+ Kh6 59. Bc4 a5 60. Kf4 Kg6 61. Bd3+ Kf6 62. h5 Kg7 63. g4 Kh6 64. Be2 Bh4 65. Kxe3 Kg5 66. Ke4 Bf2 67. Ke5 Be3 68. Ke6 Bc5 69. Kf7 Bd4 70. Kg8 Kh6 71. Kf7 Kg5 72. Ke6 Bc5 73. Kf7 Bd4 1/2-1/2

[Event "DSOL 2021"]
[Site "Germany"]
[Date "2021.03.03"]
[Round "5.1"]
[White "Huckebrink, Chris"]
[Black "Henn, Marcus"]
[Result "1-0"]
[WhiteElo "2042"]
[BlackElo "1642"]
[Annotator "TA"]
[PlyCount "95"]
[EventDate "2021.01.18"]
[EventType "team-tourn"]
[EventCountry "GER"]
[SourceTitle "playchess.com"]
[Source "ChessBase"]
[SourceQuality "1"]

1. e4 e5 2. f4 exf4 3. Nf3 Nf6 4. e5 Nh5 5. d4 d6 6. Bc4 g6 7. Qe2 d5 8. Bb3 Be7 9. O-O O-O 10. c4 dxc4 11. Bxc4 Bg4 12. Qe4 Nc6 13. d5 Bc5+ 14. Kh1 Bf5 15. Qe2 Nb4 16. Nc3 Re8 17. Ne4 Bxe4 18. Qxe4 f5 19. Qe1 Nxd5 20. Qa5 b6 21. Qa4 Re6 22. Rd1 c6 23. b4 b5 24. Bxd5 cxd5 25. Qxb5 Bf8 26. Rxd5 Qb6 27. Qxb6 Rxb6 28. a3 Rc8 29. Bd2 Rbc6 30. h4 Rc4 31. Rd7 a6 32. Rd1 Ng7 33. Ra7 R8c6 34. Be1 Ne6 35. Bf2 h6 36. Kh2 g5 37. Nd4 Nxd4 38. Bxd4 Rc2 39. Bc5 Bxc5 40. bxc5 Rc8 41. hxg5 hxg5 42. Rdd7 Re2 43. Rg7+ Kf8 44. Rh7 Kg8 45. Rhg7+ Kh8 46. c6 Rxc6 47. Rge7 Rc8 48. e6 1-0

[Event "DSOL 2021"]
[Site "Germany"]
[Date "2021.03.01"]
[Round "5.1"]
[White "Schulze-Schwering, Philipp"]
[Black "Röeder, Matthias"]
[Result "0-1"]
[WhiteElo "2012"]
[BlackElo "1795"]
[Annotator "TA"]
[PlyCount "72"]
[EventDate "2021.01.18"]
[EventType "team-tourn"]
[EventCountry "GER"]
[SourceTitle "playchess.com"]
[Source "ChessBase"]
[SourceQuality "1"]

1. d4 d5 2. Nf3 c6 3. g3 Bf5 4. Bg2 e6 5. O-O Be7 6. c4 Nd7 7. Qb3 Qb6 8. c5 Qa6 9. Re1 b6 10. Bf1 Qb7 11. Nc3 Ngf6 12. Nh4 O-O 13. Bg2 Rfe8 14. Nxf5 exf5 15. f3 Bf8 16. Bd2 Qa6 17. cxb6 Nxb6 18. Qc2 g6 19. e4 fxe4 20. fxe4 dxe4 21. Nxe4 Nxe4 22. Bxe4 Nd5 23. a3 Qb6 24. Bc3 Bg7 25. Rad1 Re6 26. Kh1 Rae8 27. Bxd5 cxd5 28. Rxe6 Rxe6 29. Bb4 h5 30. Qc5 Qb7 31. Rc1 Kh7 32. Qc7 Qb5 33. Qxf7 Rf6 34. Qc7 Rf1+ 35. Kg2 Qe2+ 36. Kh3 Rf2 0-1

[Event "DSOL 2021"]
[Site "Germany"]
[Date "2021.03.05"]
[Round "5.1"]
[White "Gelman, Josef"]
[Black "Voicu-Jagodzinsky, Carmen"]
[Result "1/2-1/2"]
[WhiteElo "2007"]
[BlackElo "2247"]
[Annotator "TA"]
[PlyCount "103"]
[EventDate "2021.01.18"]
[EventType "team-tourn"]
[EventCountry "GER"]
[SourceTitle "playchess.com"]
[Source "ChessBase"]
[SourceQuality "1"]
[WhiteTeam "SC Weisse Dame"]
[BlackTeam "SV Hemer"]

1. d4 d5 2. Nf3 Nf6 3. Bg5 Ne4 4. Be3 Bf5 5. Nbd2 e6 6. Nxe4 Bxe4 7. Nd2 Bg6 8. g3 Be7 9. Bg2 O-O 10. O-O a5 11. c4 a4 12. a3 Nc6 13. Rc1 Re8 14. cxd5 exd5 15. Rc3 Qd7 16. Qc1 Bf5 17. Nf3 Bf6 18. Rd1 Re7 19. Ne5 Nxe5 20. dxe5 Bxe5 21. Rxd5 Qe8 22. Rxe5 Rxe5 23. Bxb7 Rd8 24. Rxc7 Qb5 25. Bf3 Bh3 26. Qc2 Qb3 27. Qxb3 axb3 28. Rc1 g5 29. Bg2 Be6 30. h3 h6 31. Kf1 Kg7 32. Ke1 Kg6 33. Rc3 Bd5 34. Rd3 Rd7 35. Kd2 Be6 36. Rxd7 Bxd7 37. Bd4 Re8 38. e3 Rc8 39. Be4+ f5 40. Bd3 h5 41. f4 gxf4 42. exf4 Kf7 43. Be2 Ke6 44. Bc3 Bc6 45. Bxh5 Bg2 46. g4 Bxh3 47. gxf5+ Kxf5 48. Bd1 Rd8+ 49. Kc1 Rb8 50. Bb4 Rc8+ 51. Bc3 Kxf4 52. Bxb3 1/2-1/2

[Event "DSOL 2021"]
[Site "Germany"]
[Date "2021.03.02"]
[Round "5.1"]
[White "Mayrhuber, Nikola"]
[Black "Griebl, Joern"]
[Result "0-1"]
[WhiteElo "1998"]
[BlackElo "2249"]
[Annotator "TA"]
[PlyCount "50"]
[EventDate "2021.01.18"]
[EventType "team-tourn"]
[EventCountry "GER"]
[SourceTitle "playchess.com"]
[Source "ChessBase"]
[SourceQuality "1"]

1. d4 Nf6 2. c4 e6 3. Nf3 d5 4. Nc3 c6 5. Bg5 dxc4 6. e4 b5 7. a4 Qb6 8. Bxf6 gxf6 9. g3 Nd7 10. Bg2 b4 11. Ne2 Ba6 12. Qc2 b3 13. Qd2 Bb4 14. Nc3 O-O-O 15. Qe3 c5 16. O-O cxd4 17. Nxd4 Ne5 18. Ncb5 Bc5 19. a5 Qxb5 20. Nxb5 Bxe3 21. fxe3 Bxb5 22. Rxf6 Rd2 23. a6 c3 24. Rf2 Rxf2 25. Kxf2 Nd3+ 0-1